Metodičeskije voprosy sistemy material´nogo stimulirovanija rabotnikov železnodorožnogo transporta /

Uložené v:
Podrobná bibliografia
Hlavný autor: Tolkačeva, M. M. (Author)
Médium: Kniha
Jazyk:Russian
Vydané: Moskva : Transport, 1971.
Edícia:Trudy Vsesojuznogo ord. trud. kras. znam. naučno-issled. inst. železnodorožnogo transporta
Fyzický popis: 122 strán.
Tagy: Pridať tag
Žiadne tagy, Buďte prvý kto otaguje tento záznam!

MARC

LEADER 00000nam a22000002i 4500
001 000661069
005 20210325154129.0
008 210317s1971 ru e 000 0 rus d
020 |c Kčs 12,00  |q (brožované) 
040 |a SVKKK  |b slo  |c SVKKK  |e rda 
245 0 0 |a Metodičeskije voprosy sistemy material´nogo stimulirovanija rabotnikov železnodorožnogo transporta /  |c M. M. Tolkačeva ... [et al.]. 
264 1 |a Moskva :  |b Transport,  |c 1971. 
300 |a 122 strán. 
336 |a text  |b txt  |2 rdacontent 
337 |a bez média  |b n  |2 rdamedia 
338 |a zväzok  |b nc  |2 rdacarrier 
490 1 |a Trudy Vsesojuznogo ord. trud. kras. znam. naučno-issled. inst. železnodorožnogo transporta  |v Vypusk 450 
500 |a Záznam revízie 
700 1 |a Tolkačeva, M. M.  |4 aut 
830 0 |a Trudy Vsesojuznogo ord. trud. kras. znam. naučno-issled. inst. železnodorožnogo transporta 
910 |a svkkk 
998 |a BK 
090 |g SCKHL  |k Sklad Pribinova 2. posch.  |a III.101298  |j 447411  |i 2720777945  |4 Zastaraná  |s Vyradená